Plechový slavík /

Hlavní autor: Frais, Josef, 1946-2013
Jazyk: Čeština
Vydáno: Praha : Práce, 1986
Vydání: 1. vyd.
Edice: Kamarád (Práce)
Externí odkaz: Digitalizovaný dokument
Fyzický popis: 245 s.
Knihy
Uloženo v:
LEADER 00958nam a22002772a 4500
001 000279793
003 CZ BrMZK
005 20081111101300.0
007 ta
008 980107s1986 xr f cze d
015 |a cnb000014123 
035 |a (OCoLC)17876900 
040 |a BOA001  |b cze 
080 9 |a 885.0-31 
100 1 |a Frais, Josef,  |d 1946-2013  |7 jk01031667  |4 aut 
245 1 0 |a Plechový slavík /  |c Josef Frais 
250 |a 1. vyd. 
260 |a Praha :  |b Práce,  |c 1986 
300 |a 245 s. 
490 1 |a Kamarád (Práce) 
830 0 |a Kamarád (Práce)  |0 s 
856 4 1 |u http://www.digitalniknihovna.cz/mzk/uuid/uuid:3117b570-abd4-11e2-8b87-005056827e51  |y Digitalizovaný dokument  |x NDK 
910 |a BOA001  |b PK-0101.660  |b 2-0901.023 
990 |a BK 
996 7 |b 2619325822  |c 2-0901.023  |l MZK  |r Sklad / do 1 hodiny  |n 0  |w 000279793  |u 000020  |a 1  |e BOA001  |j MZK50  |s A 
996 7 |b 3119919204  |c PK-0101.660  |l MZK  |r Sklad / do 1 hodiny  |n 3  |w 000279793  |u 000010  |a 1  |e BOA001  |j MZK50  |s A